Microbiology /

Đã lưu trong:
Sonraí Bibleagrafaíochta
Príomhúdar: Pelczar, Michael J.
Údair Eile: Reid, Roger D.
Formáid: Sách giấy
Teanga:English
Foilsithe: New York : McGraw-Hill, 1958
Clibeanna: Cuir Clib Leis
Gan Chlibeanna, Bí ar an gcéad duine leis an taifead seo a chlibeáil!
Thư viện lưu trữ: Thư viện Trường Đại học Đà Lạt
LEADER 00567nam a2200241 4500
001 DLU020000726
005 ##12/30/1998
041 # # |a eng 
082 # # |a 579  |b PE-M 
100 # # |a Pelczar, Michael J. 
245 # # |a Microbiology /  |c Michael J. Pelczar, Roger D. Reid 
260 # # |a New York :  |b McGraw-Hill,  |c 1958 
300 # # |a VIII, 564 tr.;  |c 26 cm. 
700 # # |a Reid, Roger D. 
992 # # |a 10000 
994 # # |a DLU 
900 # # |a False 
911 # # |a Administrator 
925 # # |a G 
926 # # |a A 
927 # # |a SH 
980 # # |a Thư viện Trường Đại học Đà Lạt